00690nam a2200181 a 450000100100000000500170001000800410002702000150006804000250008308200160010810000260012424501520015026000270030230000210032950000720035050400320042271000540045400000557820200929151721.0090820s1973 sp ab 000 0 spa d a8400038142 aDO-SdBNPbspacBNPHU axxxxbA816c1 aAsencio Amor, Isidoro10aComportamiento y evolución de materiales graníticos en cuencas fluviales y diferentes climas. :bestudio morfodinamico /cIsidoro Asencio Amor. aMadrid :bCSIC,c1973. a122 p. ;c25 cm. aIncluye refrencias bibliográficas y notas al pie de las páginas abibliografías (p.121-122)2 aConsejo Superior de Investigaciones Cientifícas